Derecho de las fundaciones (Registro nro. 47875)

Detalles MARC
000 -ENCABEZADO
Número de control [NR] 00740nam a2200217Ia 4500
005 - FECHA Y HORA DE LA ÚLTIMA TRANSACCIÓN
control field 20140903180613.0
008 - DE LONGITUD FIJA DE DATOS DE ELEMENTOS - INFORMACIÓN GENERAL
Elementos de longitud fija [NR] 130925s2008 ag frn 000 0dspa
020 ## - NUMERO INTERNACIONAL NORMALIZADO PARA LIBROS [R]
Número Internacional Normalizado del libro [NR] 9875170564
040 ## - FUENTE DE CATALOGACION [NR]
Agencia de catalogación original [NR] CO-BoUCM
Idioma de catalogación [NR] spa
Quien Cataloga
Quien Clasifica [Nuevo]
041 00 - CODIGO DE IDIOMA [R]
Código de idioma para texto/pista de sonido o título separado [R] Español
100 1# - ASIENTO PRINCIPAL--NOMBRE PERSONAL [NR]
Nombre personal [NR] Cahián, Adolfo
ID Autoridad 46156
245 10 - MENCION DE TITULO [NR]
Título [NR] Derecho de las fundaciones
Mención de responsabilidad, etc. [NR] Adolfo Cahián ; prólogo de Avelino Porto
250 ## - MENCION DE EDICION [NR]
Mención de edición [NR] 2a ed
Resto de la mención de edición [NR] actualizada
260 ## - PUBLICACION, DISTRIBUCION, ETC. (PIE DE IMPRENTA) [R]
Lugar de publicación, distribución, etc. [R] Buenos Aires (Argentina)
Nombre del editor, distribuidor, etc. [R] Ediciones La Rocca
Fecha de publicación, distribución, etc. [R] 2008
300 ## - DESCRIPCION FISICA [R]
Extensión [R] 446 páginas
504 ## - NOTA DE BIBLIOGRAFIA, ETC. [R]
Nota de bibliografía, etc. [NR] Incluye referencias bibliográficas
650 #7 - ASIENTO SECUNDARIO DE MATERIA - TERMINO TEMATICO [R]
Término temático o nombre geográfico como elemento de entrada [NR] Derecho privado
9 (RLIN) 437
650 #7 - ASIENTO SECUNDARIO DE MATERIA - TERMINO TEMATICO [R]
Término temático o nombre geográfico como elemento de entrada [NR] Fundaciones benéficas (Derecho)
9 (RLIN) 16215
942 ## - ELEMENTOS DE ENTRADA AGREGADOS (KOHA)
Tipo de ítem principal el descrito en 300a Libro
Tema principal Derecho
Edición 2
Parte restante de la signatura top. C132d
Sistema de clasificación DEWEY
Clasificación 346.064
Existencias
Fecha de último préstamo Total préstamos Total Renewals Signatura topográfica Código de barras Última vez visto Volúmen / Fascículo Ejemplar Costo de reposición Price effective from Tipo de ítem Perdido Sistema de clasificación Dañado No prestable Tipo de ítem específico Suprimido Ubicación habitual Ubicación actual Localización Fecha de creación Proveedor Forma de adquisición Costo
11/11/2022 7 2 346.064 C132d 100136269 09/12/2025 2a.Ed. Ej.4 119000.00 16/09/2013 Libro   DEWEY     Libro   Claustro Claustro 3er piso 16/09/2013 9 Compra 119000.00
22/11/2018 2   346.064 C132d 100136268 09/12/2025 2a.Ed. Ej.3 119000.00 16/09/2013 Libro   DEWEY     Libro   Claustro Claustro 3er piso 16/09/2013 9 Compra 119000.00